[Event "Llinars del Valles op-B 8th"]
[Site "Llinars del Valles"]
[Date "2014.04.26"]
[Round "1"]
[White "Rosas Ventura, Salvador"]
[Black "Salinas Perez, Alvaro"]
[Result "1-0"]
[WhiteElo "1815"]
[BlackElo "1700"]
[PlyCount "51"]
[EventDate "2014.04.26"]
[EventType "swiss"]
[EventRounds "8"]
[EventCountry "ESP"]
[SourceTitle "EXT 2015"]
[Source "ChessBase"]
[SourceDate "2014.11.20"]
[SourceVersion "1"]
[SourceVersionDate "2014.11.20"]
[SourceQuality "1"]

1. e4 d5 2. exd5 Qxd5 3. Nc3 Qa5 4. Nf3 c6 5. Be2 Bf5 6. d3 e5 7. Nh4 Ne7 8. Bd2 Nd7 9. Ne4 Qc7 10. 0-0 0-0-0 11. c4 g5 12. Nxf5 Nxf5 13. Bg4 Nd6 14. Nxg5 Rg8 15. Qf3 f6 16. Ne6 Qa5 17. Bxa5 Re8 18. Nc5 e4 19. dxe4 f5 20. exf5 Kb8 21. Nxd7+ Ka8 22. Nf6 Rg5 23. Nxe8 Nxe8 24. Qe3 Nd6 25. Qxg5 Nxc4 26. Qd8# 1-0